000
00345nam a2200145Ia 4500
008
230718s9999 xx 000 0 und d
041
_a
Eng.
082
_a
320.95
_b
AHM-G
100
_a
Ahmad, Mushtaq
245
0
_a
Government Polictics in Pakistan
260
_a
Pakistan
_b
Royal Book co.
_c
2009
300
_a
383
650
_a
Law
999
_c
31105
_d
31105